000 00588nam a2200181Ia 4500
003 GCL
008 140319s9999 xx 000 0 ara d
040 _aGCL /
_cGCL
082 0 4 _a214.27
_bا ا
100 1 _aاحمد عبدالوهاب
245 1 0 _aالاسلام والاديان الاخرى: نقاط الاتفاق والاختلاف /
_cاحمد عبدالوهاب
260 _a[S.N] :
_bمكتبة التراث الاسلامى
300 _a227 ص
490 _a
650 0 4 _aالاسلام
650 0 4 _aالاسلام والديانات الاخرى
942 _2ddc
_cBK
999 _c34125
_d34125